| 000 | 00811nam a22002537a 4500 | ||
|---|---|---|---|
| 005 | 20170217165445.0 | ||
| 010 | _aENG-117294 | ||
| 020 |
_a9789386062536 _c495.00 |
||
| 035 | _aEN-100826 | ||
| 037 | _bDBAD/PUB | ||
| 082 | 0 | 0 | _a378.170281 |
| 100 | _aReynolds,lealey-Jane Eales | ||
| 245 | 1 | 0 |
_aCritical thinking skills for education studends / _cby Lesley-Jane Eales-Reynolds...[et...al] |
| 250 | _a2nd ed. | ||
| 260 |
_aNew Delhi _bSAGE Publications _c2016 |
||
| 270 |
_aB1/I-1 Mohan Cooperative Industrial Area, Mathura Road _bNew Delhi _e110044 |
||
| 300 |
_axxxii,216p. _c24cm(Hb) |
||
| 490 | _aStudy Skills in Education | ||
| 500 | _aIncludes index | ||
| 700 | _aBrenda Judge | ||
| 700 | _aPatrick Jones | ||
| 700 | _aAlaine McCreery | ||
| 942 |
_2ddc _cEN _h378.170281 _mREY |
||
| 999 |
_c137698 _d137698 |
||